Statistiques concernant Culture Générale - Série 1009

Cliquez ici pour prendre le quiz!

Statistiques générales

  • Ce quiz a été pris 50 fois
  • Le résultat moyen est 6 sur 10

Statistiques - réponses

Question Réponse % Correct
Dans l'océan, elles peuvent être bleues, franches, à bec ou à bosse. Qui sont-elles ?baleines
96%
D'après le titre d'une chanson de Jean Ferrat, la femme est l'avenir de ...l'homme
92%
De quel art dit-on qu'il adoucit les moeurs ?la musique
85%
Quel président de la République a succédé à François Mitterrand ?Jacques Chirac
81%
En 1983, quel acteur incarne James Bond dans "Jamais plus jamais" ?Sean Connery
79%
Quel sport de ballon a été inventé par James Naismith en 1891 ?basket-ball
71%
Quel acteur français interprète Blaze dans le film "La Folie des grandeurs" ?Yves Montand
65%
Quel joueur de tennis américain fut, de 1993 à 1998, numéro 1 mondial ?Pete Sampras
48%
Dans la série des films "La Panthère rose", le personnage interprété par Peter Sellers est l'inspecteur ...Clouseau
25%
Quelle fille de comédiens a reçu le molière de la révélation féminine théâtrale, en 2007 ?Sara Giraudeau
4%

Distribution des résultats

Percentile par nombre de réponses

% des personnes avec chaque résultat

Votre développement - résultats

Vous n’avez pas pris ce quiz